That they may be won: (Record no. 11035)

000 -LEADER
fixed length control field 00594nam a2200205 a 4500
001 - CONTROL NUMBER
control field :::00008828$&:&@@
003 - CONTROL NUMBER IDENTIFIER
control field OkBaRHE
005 - DATE AND TIME OF LATEST TRANSACTION
control field 20000607103346.0
008 - FIXED-LENGTH DATA ELEMENTS--GENERAL INFORMATION
fixed length control field s1950 j 000 0 eng u
040 ## - CATALOGING SOURCE
Transcribing agency
100 1# - MAIN ENTRY--PERSONAL NAME
Personal name Winder, F. J., et al.
245 10 - TITLE STATEMENT
Title That they may be won:
Remainder of title the harvest is white.
260 ## - PUBLICATION, DISTRIBUTION, ETC. (IMPRINT)
Place of publication, distribution, etc Nashville, TN., :
Name of publisher, distributor, etc College Press
Date of publication, distribution, etc 1950
300 ## - PHYSICAL DESCRIPTION
Extent 244 p.
650 ## - SUBJECT ADDED ENTRY--TOPICAL TERM
Topical term or geographic name as entry element Evangelism
700 ## - ADDED ENTRY--PERSONAL NAME
Personal name Morgan, E.
700 ## - ADDED ENTRY--PERSONAL NAME
Personal name Thornton, E. W.
942 ## - ADDED ENTRY ELEMENTS (KOHA)
Source of classification or shelving scheme
Koha item type Books
Copies
Date last seen Full call number Source of classification or shelving scheme Shelving location Barcode Withdrawn status Date acquired Permanent Location Copy number Koha item type Price effective from Lost status Damaged status Not for loan
2010-04-14BV 3795 .W5 General Stacks8828 2010-04-14RHEMA Bible Training College1Books2010-04-14